Statistics for Landmarks Picture Quiz #3

Click here to take the quiz!

General Stats

  • This quiz has been taken 102 times
  • The average score is 8 of 18

Answer Stats

Answer% Correct
London Eye
81%
Mount {Kilimanjaro}
79%
Dead Sea
70%
Christ the Redeemer
60%
Arc de Triomphe
57%
Burj Khalifa
57%
Liberty Bell
54%
{Table} Mountain
54%
Petronas Towers
53%
Victoria Falls
47%
Chichen Itza
34%
South Pole
32%
Old Faithful
31%
{Sydney} {Harbor} Bridge
27%
Neuschwanstein Castle
24%
Demilitarized Zone
20%
Seattle Space Needle
19%
Winter Palace
17%

Score Distribution

Percentile by Number Answered

Percent of People with Each Score

Your Score History

You have not taken this quiz